Handbook of seed technology for genebanks. Volume II: Compendium of specific germination information and test recommendations

Uloženo v:
Podrobná bibliografie
Hlavní autor: R H Ellis
Médium: Kniha
Jazyk:Undetermined
Vydáno: Rome International Board for Plant Genetic Resources 1985
Témata:
Tagy: Přidat tag
Žádné tagy, Buďte první, kdo otaguje tento záznam!
Thư viện lưu trữ: Trung tâm Học liệu Trường Đại học Cần Thơ
LEADER 00619nam a2200181Ia 4500
001 CTU_38601
008 210402s9999 xx 000 0 und d
082 |a 633.0831 
082 |b E47 
100 |a R H Ellis 
245 0 |a Handbook of seed technology for genebanks. Volume II: Compendium of specific germination information and test recommendations 
245 0 |c R H Ellis, E H Roberts, T D Hong 
260 |a Rome 
260 |b International Board for Plant Genetic Resources 
260 |c 1985 
650 |a seeds - germination 
904 |i Liên, 990525 
980 |a Trung tâm Học liệu Trường Đại học Cần Thơ